<?xml version="1.0" encoding="UTF-8"?><?xml-stylesheet type="text/xsl" href="static/style.xsl"?><OAI-PMH xmlns="http://www.openarchives.org/OAI/2.0/" xmlns:xsi="http://www.w3.org/2001/XMLSchema-instance" xsi:schemaLocation="http://www.openarchives.org/OAI/2.0/ http://www.openarchives.org/OAI/2.0/OAI-PMH.xsd"><responseDate>2026-04-17T05:10:29Z</responseDate><request verb="GetRecord" identifier="oai:www.recercat.cat:2117/104717" metadataPrefix="marc">https://recercat.cat/oai/request</request><GetRecord><record><header><identifier>oai:recercat.cat:2117/104717</identifier><datestamp>2025-07-23T03:43:33Z</datestamp><setSpec>com_2072_1033</setSpec><setSpec>col_2072_452951</setSpec></header><metadata><record xmlns="http://www.loc.gov/MARC21/slim" xmlns:dcterms="http://purl.org/dc/terms/" xmlns:xsi="http://www.w3.org/2001/XMLSchema-instance" xmlns:doc="http://www.lyncode.com/xoai" xsi:schemaLocation="http://www.loc.gov/MARC21/slim http://www.loc.gov/standards/marcxml/schema/MARC21slim.xsd">
   <leader>00925njm 22002777a 4500</leader>
   <datafield ind2=" " ind1=" " tag="042">
      <subfield code="a">dc</subfield>
   </datafield>
   <datafield ind2=" " ind1=" " tag="720">
      <subfield code="a">Sánchez Roca, Víctor</subfield>
      <subfield code="e">author</subfield>
   </datafield>
   <datafield ind2=" " ind1=" " tag="260">
      <subfield code="c">2016-06-29</subfield>
   </datafield>
   <datafield ind2=" " ind1=" " tag="520">
      <subfield code="a">La realització d’aquest treball final de Màster sorgeix de la necessitat de realitzar en un&#xd;
centre, el proper curs acadèmic la modalitat semipresencial, fent un pilot sobre un mòdul&#xd;
professional, més en concret el mòdul professional M03 Instal·lacions de distribució&#xd;
del CFGM Instal·lacions elèctriques i automàtiques.&#xd;
La justificació de la implantació bé donada de la situació actual en la que es troba una gran&#xd;
part de la societat com és: necessitats de fer-se càrrec d’algun familiar malalt, problemes&#xd;
de mobilitat per poder acudir al centre d’estudi o facilitar a persones que actualment&#xd;
treballen la flexibilitat de poder estudiar una part dels seus estudis des de casa.&#xd;
És necessari fer-nos les següents preguntes:&#xd;
• Què hem de fer?&#xd;
• Com ho hem de fer?&#xd;
Què hem de fer?&#xd;
Determinar quins són els objectius que volem aconseguir de la prova pilot i establir una&#xd;
sèrie d’indicadors per poder avaluar al final del curs i analitzar quins s’han complert i&#xd;
quins no i per què.&#xd;
Com ho hem de fer?&#xd;
El com significa tenir clar quins mitjans necessitem i de quins mitjans disposa el&#xd;
centre.&#xd;
La realització del TFM estarà dividida en dues parts: una primera, més analítica, on es&#xd;
tractarà tot el relacionat amb els requisits, experiències, necessitats envers la modalitat&#xd;
semipresencial; i una segona part, on tractarem més en concret les necessitats per&#xd;
realitzar el mòdul en el centre com són les estructures necessàries, plataforma que&#xd;
utilitzarem, estratègies metodològiques (qüestionaris, jocs, reptes, wikis, ...).&#xd;
Per la primera part, farem servir diferents webs relacionades amb la docència i la&#xd;
innovació. També, a través de la web Bibliotecnica.upc.edu, es realitzaran una sèrie de&#xd;
lectures d’articles d’experts sobre experiències obtingudes. Això, ens ajudarà a treure&#xd;
conclusions per després poder utilitzar-ho en la segona part i definir les millors estratègies.&#xd;
Per la segona part, utilitzarem tot el que hem après al llarg del màster en totes les&#xd;
assignatures fent servir tots els recursos i eines proposades. Per un altre banda, i&#xd;
comptant amb la llarga experiència del centre, poder determinar conjuntament quines són&#xd;
les millors estratègies metodològiques.&#xd;
Tot això amb la finalitat d’atendre les necessitats, intentant buscar solucions per introduir&#xd;
una part de l’alumnat que no podria estudiar si no fos per la via semipresencial i utilitzar el&#xd;
recursos adequats perquè els estudiants estiguin motivats, il·lusionats i poder&#xd;
aconseguir una major assistència i participació amb l’objectiu de formar professionals&#xd;
qualificats per introduir-se dintre del món laboral.</subfield>
   </datafield>
   <datafield tag="653" ind2=" " ind1=" ">
      <subfield code="a">Àrees temàtiques de la UPC::Ensenyament i aprenentatge::Formació professional</subfield>
   </datafield>
   <datafield tag="653" ind2=" " ind1=" ">
      <subfield code="a">Àrees temàtiques de la UPC::Ensenyament i aprenentatge::TIC's aplicades a l'educació::Ensenyament virtual (eLearning)</subfield>
   </datafield>
   <datafield tag="653" ind2=" " ind1=" ">
      <subfield code="a">Web-based instruction -- Vocational education</subfield>
   </datafield>
   <datafield tag="653" ind2=" " ind1=" ">
      <subfield code="a">formació professional</subfield>
   </datafield>
   <datafield tag="653" ind2=" " ind1=" ">
      <subfield code="a">flexibilitat</subfield>
   </datafield>
   <datafield tag="653" ind2=" " ind1=" ">
      <subfield code="a">PBL</subfield>
   </datafield>
   <datafield tag="653" ind2=" " ind1=" ">
      <subfield code="a">blended learning</subfield>
   </datafield>
   <datafield tag="653" ind2=" " ind1=" ">
      <subfield code="a">motivació</subfield>
   </datafield>
   <datafield tag="653" ind2=" " ind1=" ">
      <subfield code="a">participació</subfield>
   </datafield>
   <datafield tag="653" ind2=" " ind1=" ">
      <subfield code="a">semipresencial</subfield>
   </datafield>
   <datafield tag="653" ind2=" " ind1=" ">
      <subfield code="a">innovació</subfield>
   </datafield>
   <datafield tag="653" ind2=" " ind1=" ">
      <subfield code="a">assistència</subfield>
   </datafield>
   <datafield tag="653" ind2=" " ind1=" ">
      <subfield code="a">vacational training</subfield>
   </datafield>
   <datafield tag="653" ind2=" " ind1=" ">
      <subfield code="a">e-learning</subfield>
   </datafield>
   <datafield tag="653" ind2=" " ind1=" ">
      <subfield code="a">Ensenyament virtual -- Formació Professional</subfield>
   </datafield>
   <datafield ind2="0" ind1="0" tag="245">
      <subfield code="a">Elaboració del mòdul professional M03 Instal·lacions de distribució del CFGM Instal·lacions elèctriques i automàtiques per via semipresencial</subfield>
   </datafield>
</record></metadata></record></GetRecord></OAI-PMH>